| 000 | 00812nam a2200253Ia 4500 | ||
|---|---|---|---|
| 005 | 20211111074617.0 | ||
| 008 | 130821s2006 xxua gr eng | ||
| 020 | _a0323028063 | ||
| 040 |
_aCo-BoUCM _bspa |
||
| 041 | 0 | 0 | _aeng |
| 060 |
_aWF 140 _25 |
||
| 100 | 1 |
_aDes Jardins, Terry _948943 |
|
| 245 | 1 | 0 |
_aClinical manifestations and assessment of respiratory disease _cTerry Des Jardins, George G. Burton |
| 250 | _a5a. Ed. | ||
| 260 |
_aWashington _bMosby _c2006 |
||
| 300 |
_a654 páginas _bilustraciones |
||
| 504 | _aIncluye bibliografía | ||
| 650 | 0 | 4 |
_aAparato respiratorio _xEnfermedades _987567 |
| 650 | 0 | 4 |
_aApnea _99243 |
| 650 | 0 | 4 |
_aNeumología _920263 |
| 650 | 0 | 4 |
_aPulmones _xEnfermedades _939884 |
| 700 | 1 |
_aBurton, George G. _9163502 |
|
| 942 |
_cLIBRO _a15 _e5 _mD441c _2NLM _hWF 140 _n0 |
||
| 999 |
_c52681 _d52681 |
||